000 00227 a2200097 4500
001 54143
100 _aKhaldoon.Ibn
245 _aTalkhees Muqadma Ibn Khaldoon
260 _aLahore
_bFerozsons Ltd
_c1993
090 _c33754
_d33754
942 _aNUST-CAE
_cM
_c26396
999 _c289216
_d289216